[Event "Teplice op 10th"]
[Site "Teplice"]
[Date "2015.06.19"]
[Round "7"]
[White "Gruss, Petr"]
[Black "Mrisova, Eliska"]
[Result "0-1"]
[WhiteElo "1786"]
[BlackElo "1402"]
[PlyCount "70"]
[EventDate "2015.06.13"]
[EventType "swiss"]
[EventRounds "9"]
[EventCountry "CZE"]
[SourceTitle "EXT 2017"]
[Source "ChessBase"]
[SourceDate "2016.10.25"]
[SourceVersion "1"]
[SourceVersionDate "2016.10.25"]
[SourceQuality "1"]

1. d4 f5 2. Nf3 e6 3. c4 Nf6 4. Nc3 d5 5. e3 c5 6. cxd5 Nxd5 7. Bd2 Nc6 8. Bb5 Be7 9. dxc5 Bxc5 10. Ne5 Bd7 11. Qh5+ g6 12. Nxg6 Nf6 13. Qh3 Rg8 14. Nh4 Nb4 15. 0-0-0 Bxb5 16. Nxb5 Nd3+ 17. Kb1 Nxf2 18. Qf3 Nxd1 19. Qxb7 Rc8 20. Rxd1 Qd7 21. Qxd7+ Nxd7 22. b4 Be7 23. Nf3 a6 24. Nbd4 Kf7 25. g3 Bf6 26. a4 Nb6 27. a5 Nd5 28. Kb2 Rc4 29. Kb3 Rgc8 30. Ka3 Nxe3 31. Re1 Nc2+ 32. Nxc2 Rxc2 33. Rb1 Rd8 34. Bf4 Rc3+ 35. Rb3 Rxb3+ 0-1

[Event "Teplice op 10th"]
[Site "Teplice"]
[Date "2015.06.16"]
[Round "4"]
[White "Stankova, Zuzana"]
[Black "Gruss, Petr"]
[Result "1-0"]
[WhiteElo "1660"]
[BlackElo "1786"]
[PlyCount "59"]
[EventDate "2015.06.13"]
[EventType "swiss"]
[EventRounds "9"]
[EventCountry "CZE"]
[SourceTitle "EXT 2017"]
[Source "ChessBase"]
[SourceDate "2016.10.25"]
[SourceVersion "1"]
[SourceVersionDate "2016.10.25"]
[SourceQuality "1"]

1. e4 e5 2. Nf3 Nf6 3. Nxe5 d6 4. Nf3 Nxe4 5. d4 d5 6. Bd3 Nf6 7. 0-0 Be7 8. Bf4 Bg4 9. Nbd2 0-0 10. Re1 Re8 11. h3 Bh5 12. c3 Nbd7 13. Qc2 Nf8 14. Ne5 Bg6 15. Nxg6 Nxg6 16. Be5 Bd6 17. Nf3 Nf8 18. Re2 g6 19. Rae1 Ne6 20. Qd2 Bxe5 21. Nxe5 Kg7 22. f4 Nh5 23. f5 Nef4 24. Rf2 Nxd3 25. Qxd3 f6 26. g4 fxe5 27. gxh5 e4 28. Qg3 Qd6 29. Qg5 h6 30. f6+ 1-0

[Event "Teplice op 10th"]
[Site "Teplice"]
[Date "2015.06.15"]
[Round "3"]
[White "Gruss, Petr"]
[Black "Zahour, Ivan"]
[Result "0-1"]
[WhiteElo "1786"]
[BlackElo "2058"]
[PlyCount "84"]
[EventDate "2015.06.13"]
[EventType "swiss"]
[EventRounds "9"]
[EventCountry "CZE"]
[SourceTitle "EXT 2017"]
[Source "ChessBase"]
[SourceDate "2016.10.25"]
[SourceVersion "1"]
[SourceVersionDate "2016.10.25"]
[SourceQuality "1"]

1. d4 Nf6 2. Nf3 g6 3. e3 Bg7 4. c4 d6 5. b3 c6 6. Bb2 0-0 7. Be2 Nbd7 8. 0-0 Re8 9. Qc2 Qc7 10. Nc3 b6 11. Rac1 Bb7 12. Rfd1 Rac8 13. b4 a6 14. Qb3 e5 15. dxe5 dxe5 16. Na4 e4 17. Nd4 h5 18. c5 b5 19. Nc3 Ne5 20. h3 Ned7 21. Bf1 Nf8 22. Rd2 Rcd8 23. Rcd1 Bc8 24. Nde2 Rxd2 25. Rxd2 g5 26. g3 Ng6 27. Bg2 Ne5 28. Nd4 Nc4 29. Rd1 h4 30. Nce2 Nd5 31. Bc1 g4 32. Kh2 Re5 33. Nf4 hxg3+ 34. fxg3 gxh3 35. Nxd5 cxd5 36. Bf1 Rg5 37. Ne2 Bg4 38. Nf4 Bxd1 39. Qxd1 Ne5 40. Be2 Qd7 41. Qf1 Ng4+ 42. Kxh3 Nxe3+ 0-1

[Event "Teplice op 10th"]
[Site "Teplice"]
[Date "2015.06.13"]
[Round "1"]
[White "Gruss, Petr"]
[Black "Nelson, Jonathan"]
[Result "1/2-1/2"]
[WhiteElo "1786"]
[BlackElo "2219"]
[PlyCount "66"]
[EventDate "2015.06.13"]
[EventType "swiss"]
[EventRounds "9"]
[EventCountry "CZE"]
[SourceTitle "EXT 2017"]
[Source "ChessBase"]
[SourceDate "2016.10.25"]
[SourceVersion "1"]
[SourceVersionDate "2016.10.25"]
[SourceQuality "1"]

1. d4 d6 2. Nf3 Nf6 3. e3 g6 4. c4 Bg7 5. Nc3 0-0 6. Be2 Nbd7 7. 0-0 e5 8. dxe5 dxe5 9. Qc2 b6 10. Rd1 Qe7 11. b3 Bb7 12. Bb2 e4 13. Nd2 a6 14. Nf1 Rac8 15. Rd2 Rfe8 16. Rad1 Nc5 17. Ng3 h5 18. h3 h4 19. Nf1 a5 20. Nh2 Rcd8 21. Ba3 Rxd2 22. Rxd2 Qe5 23. Nb5 Ne6 24. Bb2 Qg5 25. Bxf6 Bxf6 26. Bg4 Bd8 27. Bxe6 Rxe6 28. Qd1 Re8 29. Qg4 Qxg4 30. Nxg4 Kg7 31. Nc3 Bc8 32. Nh2 Bf6 33. Ne2 Rd8 1/2-1/2

[Event "Kadan op"]
[Site "Kadan"]
[Date "2014.??.??"]
[Round "6"]
[White "Bechyne, Jaroslav"]
[Black "Gruss, Petr"]
[Result "1-0"]
[WhiteElo "2083"]
[BlackElo "1770"]
[PlyCount "59"]
[EventDate "2014.08.??"]
[EventType "swiss"]
[EventRounds "9"]
[EventCountry "CZE"]
[SourceTitle "EXT 2016"]
[Source "ChessBase"]
[SourceDate "2015.10.08"]
[SourceVersion "1"]
[SourceVersionDate "2015.10.08"]
[SourceQuality "1"]

1. Nf3 d5 2. d4 Nf6 3. Bf4 e6 4. e3 c5 5. c3 a6 6. Bd3 Nbd7 7. Nbd2 c4 8. Bc2 b5 9. e4 dxe4 10. Nxe4 Qb6 11. Ne5 Bb7 12. Nxd7 Nxd7 13. 0-0 Be7 14. Re1 Nf6 15. Be5 Bxe4 16. Bxe4 Rd8 17. Bc2 0-0 18. Re3 g6 19. Rh3 Rd5 20. Qf3 Nd7 21. Bf4 Nf6 22. Be5 Nd7 23. Bf4 Nf6 24. Bh6 Rfd8 25. Re1 Qc7 26. Bf4 Qa5 27. Be5 Nd7 28. Rxh7 Nxe5 29. dxe5 Kxh7 30. Qxf7+ 1-0

[Event "Tabor op"]
[Site "Tabor"]
[Date "2013.07.30"]
[Round "4"]
[White "Gruss, Petr"]
[Black "Rolinek, Dominik"]
[Result "0-1"]
[WhiteElo "1797"]
[BlackElo "1250"]
[PlyCount "44"]
[EventDate "2013.07.28"]
[EventType "swiss"]
[EventRounds "9"]
[EventCountry "CZE"]
[SourceTitle "CBM 155 Extra"]
[Source "ChessBase"]
[SourceDate "2013.08.26"]
[SourceVersion "1"]
[SourceVersionDate "2013.08.26"]
[SourceQuality "1"]

1. d4 Nf6 2. Nf3 d5 3. e3 Bg4 4. c4 e6 5. a3 c5 6. dxc5 Bxc5 7. cxd5 exd5 8. b4 Bb6 9. Bb2 0-0 10. Be2 a6 11. 0-0 Nc6 12. Nbd2 Ne4 13. Nb3 f5 14. Rc1 f4 15. exf4 Rxf4 16. g3 Rf5 17. Kg2 Rh5 18. Nh4 Bh3+ 19. Kxh3 Rxh4+ 20. Kg2 Qg5 21. Rc2 Rf8 22. f3 Rxh2+ 0-1

[Event "Tabor op"]
[Site "Tabor"]
[Date "2013.07.29"]
[Round "3"]
[White "Hlavac, Rudolf"]
[Black "Gruss, Petr"]
[Result "1-0"]
[WhiteElo "1997"]
[BlackElo "1797"]
[PlyCount "91"]
[EventDate "2013.07.28"]
[EventType "swiss"]
[EventRounds "9"]
[EventCountry "CZE"]
[SourceTitle "CBM 155 Extra"]
[Source "ChessBase"]
[SourceDate "2013.08.26"]
[SourceVersion "1"]
[SourceVersionDate "2013.08.26"]
[SourceQuality "1"]

1. e4 e5 2. Nf3 Nf6 3. Nxe5 d6 4. Nf3 Nxe4 5. d4 d5 6. Bd3 Nf6 7. 0-0 Be7 8. Re1 0-0 9. h3 Nbd7 10. Bf4 Re8 11. Nc3 c6 12. Qd2 Nf8 13. Re2 Ne6 14. Be5 Bd6 15. Rae1 Bxe5 16. Rxe5 Bd7 17. Ne2 Qc7 18. Ng3 Nf8 19. c3 Ng6 20. Bxg6 hxg6 21. Ng5 Nh7 22. Nxh7 Rxe5 23. Rxe5 Kxh7 24. Qf4 f5 25. Rxf5 Qxf4 26. Rxf4 Kg8 27. Rf3 Rc8 28. Re3 Kf7 29. Kf1 c5 30. dxc5 Rxc5 31. Ne2 Bb5 32. Ke1 Rc7 33. Nd4 Be8 34. Kd2 a6 35. Re5 Bc6 36. h4 Kf6 37. Re6+ Kf7 38. g3 Re7 39. Nxc6 Rxe6 40. Nd8+ Ke7 41. Nxe6 Kxe6 42. Ke3 Ke5 43. g4 b6 44. a4 a5 45. f4+ Ke6 46. Kd4 1-0

[Event "Karlovy Vary op"]
[Site "Karlovy Vary"]
[Date "2011.05.02"]
[Round "6"]
[White "Gruss, Petr"]
[Black "Janousek, Ladislav"]
[Result "1-0"]
[WhiteElo "1844"]
[BlackElo "1696"]
[PlyCount "65"]
[EventDate "2011.04.28"]
[EventType "swiss"]
[EventRounds "8"]
[EventCountry "CZE"]
[SourceTitle "CBM 142 Extra"]
[Source "ChessBase"]
[SourceDate "2011.06.27"]
[SourceVersion "1"]
[SourceVersionDate "2011.06.27"]
[SourceQuality "1"]

1. e4 d6 2. d4 g6 3. Nf3 Bg7 4. c4 c5 5. d5 Nf6 6. Nc3 0-0 7. Bd3 Ng4 8. h3 Ne5 9. Nxe5 Bxe5 10. Be3 f5 11. exf5 Bxf5 12. Bxf5 Rxf5 13. Qd3 Nd7 14. 0-0 a6 15. Rae1 b5 16. cxb5 axb5 17. a3 Bxc3 18. Qxc3 Rxd5 19. Qb3 c4 20. Qc2 Nf6 21. Bd2 Qd7 22. Bc3 Rf8 23. Re3 Rf5 24. g4 Rf4 25. Bxf6 R4xf6 26. Qe4 e5 27. Qd5+ Re6 28. f4 Kg7 29. fxe5 Rxf1+ 30. Kxf1 Re7 31. e6 Qb7 32. Qxb7 Rxb7 33. e7 1-0

[Event "Karlovy Vary op"]
[Site "Karlovy Vary"]
[Date "2011.05.01"]
[Round "5"]
[White "Spererova, Katerina"]
[Black "Gruss, Petr"]
[Result "0-1"]
[WhiteElo "1694"]
[BlackElo "1844"]
[PlyCount "58"]
[EventDate "2011.04.28"]
[EventType "swiss"]
[EventRounds "8"]
[EventCountry "CZE"]
[SourceTitle "CBM 142 Extra"]
[Source "ChessBase"]
[SourceDate "2011.06.27"]
[SourceVersion "1"]
[SourceVersionDate "2011.06.27"]
[SourceQuality "1"]

1. e4 e5 2. Nf3 Nc6 3. Bc4 d6 4. Nc3 Nf6 5. 0-0 Be7 6. d4 exd4 7. Nxd4 0-0 8. Bf4 Na5 9. Be2 c5 10. Ndb5 Ne8 11. Nd5 Bg5 12. Bxg5 Qxg5 13. f4 Qd8 14. Qe1 a6 15. Nbc3 Nc6 16. Qg3 Be6 17. Rad1 Nd4 18. Bh5 Nf6 19. Bf3 Bxd5 20. exd5 Nxc2 21. Be4 Nxe4 22. Nxe4 Nd4 23. Rde1 f5 24. Ng5 Qf6 25. Re3 Rfe8 26. Rfe1 Rxe3 27. Rxe3 h6 28. Ne6 Re8 29. Nc7 Ne2+ 0-1

[Event "Karlovy Vary op"]
[Site "Karlovy Vary"]
[Date "2011.04.30"]
[Round "4"]
[White "Gruss, Petr"]
[Black "Bartos, Miroslav"]
[Result "0-1"]
[WhiteElo "1844"]
[BlackElo "1947"]
[PlyCount "88"]
[EventDate "2011.04.28"]
[EventType "swiss"]
[EventRounds "8"]
[EventCountry "CZE"]
[SourceTitle "CBM 142 Extra"]
[Source "ChessBase"]
[SourceDate "2011.06.27"]
[SourceVersion "1"]
[SourceVersionDate "2011.06.27"]
[SourceQuality "1"]

1. d4 d5 2. Nf3 Nf6 3. e3 e6 4. c4 c6 5. a3 dxc4 6. Bxc4 b5 7. Be2 a5 8. b3 Bb7 9. Bb2 Be7 10. 0-0 0-0 11. Qc2 h6 12. Nbd2 Qb6 13. a4 Na6 14. Ba3 Bxa3 15. Rxa3 Nb4 16. Qb2 Nbd5 17. Ne5 b4 18. Raa1 Nc3 19. Bf3 Rfd8 20. Rac1 Nfd5 21. Rfe1 c5 22. Nec4 Qa7 23. dxc5 Qxc5 24. Ne4 Qc7 25. Nxc3 Nxc3 26. Bxb7 Qxb7 27. Rc2 Qc7 28. f3 Rd3 29. Rd2 Rad8 30. Rxd3 Rxd3 31. Qc2 Qd8 32. e4 Nd1 33. h3 Qd4+ 34. Kh2 Ne3 35. Nxe3 Rxe3 36. Rxe3 Qxe3 37. Kg3 h5 38. h4 g5 39. hxg5 Qxg5+ 40. Kf2 Kg7 41. Qd1 h4 42. Qd4+ e5 43. Qe3 Qg3+ 44. Kg1 h3 0-1

[Event "Karlovy Vary op"]
[Site "Karlovy Vary"]
[Date "2011.04.28"]
[Round "1"]
[White "Neuman, Petr"]
[Black "Gruss, Petr"]
[Result "1-0"]
[WhiteElo "2469"]
[BlackElo "1844"]
[PlyCount "51"]
[EventDate "2011.04.28"]
[EventType "swiss"]
[EventRounds "8"]
[EventCountry "CZE"]
[SourceTitle "CBM 142 Extra"]
[Source "ChessBase"]
[SourceDate "2011.06.27"]
[SourceVersion "1"]
[SourceVersionDate "2011.06.27"]
[SourceQuality "1"]

1. d4 d5 2. c4 Nf6 3. cxd5 Nxd5 4. e4 Nf6 5. Nc3 e6 6. Be3 a6 7. f3 c6 8. Nge2 b5 9. Nf4 Be7 10. Bd3 Bb7 11. Rc1 0-0 12. Qc2 g6 13. h4 Nfd7 14. h5 g5 15. Nh3 h6 16. Nf2 Nb6 17. Ng4 Kg7 18. 0-0 N8d7 19. Rcd1 Rc8 20. Qf2 f5 21. exf5 exf5 22. Ne5 f4 23. Bc1 Nd5 24. Bb1 Bd6 25. Qc2 Nxe5 26. Qh7+ 1-0

[Event "Pardubice KV op"]
[Site "Pardubice"]
[Date "2010.??.??"]
[Round "5"]
[White "Lapcik, Zdenek"]
[Black "Gruss, Petr"]
[Result "1/2-1/2"]
[WhiteElo "1757"]
[BlackElo "1860"]
[PlyCount "69"]
[EventDate "2010.07.??"]
[EventType "swiss"]
[EventRounds "7"]
[EventCountry "CZE"]
[SourceTitle "EXT 2012"]
[Source "ChessBase"]
[SourceDate "2011.11.24"]
[SourceVersion "1"]
[SourceVersionDate "2011.11.24"]
[SourceQuality "1"]

1. d4 d5 2. c4 Nf6 3. Nc3 e6 4. Nf3 b6 5. Bg5 dxc4 6. e3 Bb7 7. Bxc4 c6 8. 0-0 Be7 9. a3 0-0 10. Rb1 Nbd7 11. Bd3 Rc8 12. Re1 c5 13. dxc5 Rxc5 14. Bh4 Rc8 15. Rc1 Rc6 16. Bb5 Rc7 17. Bg3 Rc8 18. Ne5 Nxe5 19. Bxe5 Qxd1 20. Rexd1 Rfd8 21. h3 Kf8 22. Rxd8+ Bxd8 23. Bd6+ Be7 24. Bxe7+ Kxe7 25. f3 Nd5 26. Nxd5+ exd5 27. Rxc8 Bxc8 28. Kf2 Kd6 29. b4 Ke5 30. Ke2 f5 31. Bd3 g5 32. g3 h5 33. f4+ gxf4 34. gxf4+ Ke6 35. h4 1/2-1/2

[Event "Pardubice KV op"]
[Site "Pardubice"]
[Date "2010.??.??"]
[Round "2"]
[White "Maglia, Pavel"]
[Black "Gruss, Petr"]
[Result "1-0"]
[WhiteElo "2075"]
[BlackElo "1860"]
[PlyCount "119"]
[EventDate "2010.07.??"]
[EventType "swiss"]
[EventRounds "7"]
[EventCountry "CZE"]
[SourceTitle "EXT 2012"]
[Source "ChessBase"]
[SourceDate "2011.11.24"]
[SourceVersion "1"]
[SourceVersionDate "2011.11.24"]
[SourceQuality "1"]

1. e4 e5 2. Nf3 d6 3. Bc4 Be7 4. 0-0 Nf6 5. d3 Nc6 6. c3 0-0 7. Nbd2 Na5 8. Bb5 a6 9. Ba4 b5 10. Bc2 c5 11. Re1 Nc6 12. Nf1 Be6 13. Ng3 Nd7 14. Be3 Bg4 15. h3 Bxf3 16. Qxf3 Nb6 17. Rad1 Bf6 18. Nh5 Be7 19. a3 Rc8 20. Bb3 Nd7 21. Qg4 Bf6 22. Bh6 g6 23. Bxf8 Kxf8 24. Nxf6 Nxf6 25. Qf3 Kg7 26. g4 Qe7 27. Qg3 h6 28. f4 exf4 29. Qxf4 Qe5 30. Rf1 Rc7 31. Rf2 Qxf4 32. Rxf4 Nh7 33. Kg2 Ng5 34. h4 Ne6 35. Rf2 Ne5 36. Kg3 a5 37. Bd5 Re7 38. d4 cxd4 39. cxd4 Nd7 40. Kf3 Nc7 41. Ba2 Nf6 42. Bb1 Ne6 43. Rc2 g5 44. h5 Nc7 45. Rc6 Rd7 46. d5 Nfe8 47. Bd3 b4 48. axb4 axb4 49. Rb6 Re7 50. Rxb4 Nf6 51. Rd4 Nd7 52. Be2 Nc5 53. b4 Nd7 54. Rc1 Kf8 55. Ke3 Ne5 56. Rd2 Ke8 57. Kd4 Kd8 58. Ra2 Nd7 59. Rc6 Nf6 60. Rxd6+ 1-0

[Event "Tabor op"]
[Site "Tabor"]
[Date "2009.08.07"]
[Round "7"]
[White "Gruss, Petr"]
[Black "Kasik, Miroslav1111"]
[Result "1/2-1/2"]
[WhiteElo "1659"]
[BlackElo "2037"]
[PlyCount "67"]
[EventDate "2009.08.02"]
[EventType "swiss"]
[EventRounds "9"]
[EventCountry "CZE"]
[SourceTitle "CBM 131 Extra"]
[Source "ChessBase"]
[SourceDate "2009.09.03"]
[SourceVersion "2"]
[SourceVersionDate "2009.09.16"]
[SourceQuality "1"]

1. d4 Nf6 2. c4 e6 3. Nf3 d5 4. e3 Be7 5. Nc3 0-0 6. a3 b6 7. b4 dxc4 8. Bxc4 Bb7 9. Be2 Nbd7 10. Bb2 Ne4 11. 0-0 Ndf6 12. Nd2 Nxd2 13. Qxd2 c5 14. bxc5 Bxc5 15. Rfd1 Be7 16. Rac1 Ne4 17. Nxe4 Bxe4 18. Bf3 Bxf3 19. gxf3 f5 20. Kh1 Qd5 21. Qe2 Rac8 22. e4 Qb7 23. exf5 exf5 24. Rxc8 Rxc8 25. Qe6+ Kh8 26. d5 Rf8 27. Rg1 Bf6 28. Bxf6 gxf6 29. Qxf5 Qe7 30. Qd3 Rd8 31. Rc1 Qd6 32. Qf5 Qe5 33. Qb1 Qxd5 34. Qe4 1/2-1/2

[Event "Karlovy Vary op"]
[Site "Karlovy Vary"]
[Date "2009.04.30"]
[Round "3"]
[White "Gruss, Petr"]
[Black "Tejcek, Bohumil"]
[Result "1/2-1/2"]
[WhiteElo "1597"]
[BlackElo "1875"]
[PlyCount "106"]
[EventDate "2009.04.29"]
[EventType "swiss"]
[EventRounds "7"]
[EventCountry "CZE"]
[SourceTitle "CBM 130 Extra"]
[Source "ChessBase"]
[SourceDate "2009.07.02"]
[SourceVersion "2"]
[SourceVersionDate "2009.07.15"]
[SourceQuality "1"]

1. d4 d5 2. Nf3 Nf6 3. c4 e6 4. Nc3 c6 5. e3 Nbd7 6. a3 Be7 7. b4 dxc4 8. Bxc4 0-0 9. Bb2 Nb6 10. Bb3 Qc7 11. Rc1 Rd8 12. 0-0 a5 13. bxa5 Rxa5 14. Ra1 c5 15. Qe2 Bd7 16. dxc5 Rxc5 17. Rfc1 Qb8 18. Qe1 Nc4 19. Bxc4 Rxc4 20. Ne2 Rdc8 21. Rxc4 Rxc4 22. Rc1 Rc8 23. Rxc8+ Qxc8 24. Qc3 Qxc3 25. Nxc3 Ne8 26. Ne5 Bc8 27. Kf1 f6 28. Nc4 e5 29. Ke2 Nc7 30. Nb6 Be6 31. Kd3 Kf7 32. e4 Na6 33. f3 Nc5+ 34. Kc2 Bb3+ 35. Kd2 Bd8 36. Nbd5 Ba5 37. Nb4 Bc4 38. Ke3 b5 39. Ncd5 Na4 40. Bc1 Bxb4 41. Nxb4 Ke6 42. Nd3 g5 43. Nb2 Bb3 44. Nxa4 bxa4 45. Bd2 f5 46. g3 f4+ 47. gxf4 gxf4+ 48. Kf2 Bd1 49. Bb4 h5 50. h4 Kf6 51. Bd6 Ke6 52. Bb4 Bb3 53. Ke1 Bc2 1/2-1/2

[Event "Karlovy Vary op"]
[Site "Karlovy Vary"]
[Date "2009.04.29"]
[Round "1"]
[White "Gruss, Petr"]
[Black "Leiner, Raimund"]
[Result "1/2-1/2"]
[WhiteElo "1597"]
[BlackElo "2036"]
[PlyCount "99"]
[EventDate "2009.04.29"]
[EventType "swiss"]
[EventRounds "7"]
[EventCountry "CZE"]
[SourceTitle "CBM 130 Extra"]
[Source "ChessBase"]
[SourceDate "2009.07.02"]
[SourceVersion "2"]
[SourceVersionDate "2009.07.15"]
[SourceQuality "1"]

1. d4 Nf6 2. c4 c5 3. e3 e6 4. Nf3 b6 5. Be2 Bb7 6. Nc3 Na6 7. a3 Be7 8. 0-0 0-0 9. b3 Nc7 10. Bb2 d5 11. cxd5 Ncxd5 12. dxc5 Bxc5 13. b4 Be7 14. Rc1 Rc8 15. Nxd5 Bxd5 16. Rxc8 Qxc8 17. Qa4 Qa8 18. Rc1 a5 19. bxa5 Qxa5 20. Qxa5 bxa5 21. Nd4 Rb8 22. Rc2 a4 23. f3 e5 24. Nf5 Bf8 25. Bxe5 Rb1+ 26. Kf2 Be6 27. Bd3 Nd5 28. Nd4 Bd7 29. e4 Nb6 30. Ra2 Rc1 31. Nc2 Bc5+ 32. Ke2 f6 33. Bf4 Rb1 34. Be3 Be6 35. Ra1 Rxa1 36. Nxa1 Bxa3 37. Bxb6 Bb2 38. Nc2 a3 39. Nxa3 Bxa3 40. Ba5 Kf7 41. Bc3 Bc5 42. f4 g6 43. Kf3 h5 44. h3 Bb3 45. g4 hxg4+ 46. hxg4 Bd1+ 47. Kg3 Bb3 48. e5 fxe5 49. Bxe5 Be7 50. Kf3 1/2-1/2

[Event "CZE-ch Juniors op-B"]
[Site "Kouty nad Desnou"]
[Date "2009.03.12"]
[Round "7"]
[White "Paukert, Jindrich"]
[Black "Gruss, Petr"]
[Result "1-0"]
[WhiteElo "1673"]
[BlackElo "1597"]
[PlyCount "107"]
[EventDate "2009.03.07"]
[EventType "swiss"]
[EventRounds "9"]
[EventCountry "CZE"]
[SourceTitle "EXT 2011"]
[Source "ChessBase"]
[SourceDate "2010.11.26"]
[SourceVersion "1"]
[SourceVersionDate "2010.11.26"]
[SourceQuality "1"]

1. e4 e5 2. Nf3 Nf6 3. d4 exd4 4. e5 Ne4 5. Qxd4 d5 6. exd6 Nxd6 7. Nc3 Nc6 8. Qd1 Be7 9. Bd3 0-0 10. 0-0 Be6 11. Bf4 a6 12. Qd2 Qd7 13. Rad1 Rad8 14. Ng5 Bf5 15. Rfe1 Rfe8 16. Nd5 h6 17. Nxe7+ Rxe7 18. Rxe7 Nxe7 19. Nf3 Bxd3 20. Qxd3 Qa4 21. Qe2 Nec8 22. c4 Re8 23. Qd3 Re4 24. b3 Qe8 25. Be5 Rxe5 26. Nxe5 Qxe5 27. b4 c5 28. a3 Kf8 29. f4 Qd4+ 30. Qxd4 cxd4 31. Rxd4 Ke7 32. Kf2 Ke6 33. g4 g6 34. Ke3 f5 35. h3 Ne7 36. a4 Nc6 37. Rd1 Nxc4+ 38. Kf3 fxg4+ 39. hxg4 Nxb4 40. Rh1 Nd5 41. Rxh6 Kf6 42. f5 Ne5+ 43. Ke4 Nc3+ 44. Kf4 Ne2+ 45. Ke4 Nxg4 46. Rxg6+ Ke7 47. Rxg4 Nc3+ 48. Ke5 b5 49. f6+ Kf8 50. a5 Na4 51. Kf5 Nc5 52. Kg6 Nd7 53. Re4 Kg8 54. f7+ 1-0

[Event "CZE-ch Juniors op-B"]
[Site "Sec u Chrudimi"]
[Date "2008.03.15"]
[Round "9"]
[White "Tazlar, Petr"]
[Black "Gruss, Petr"]
[Result "1/2-1/2"]
[WhiteElo "1558"]
[BlackElo "1632"]
[PlyCount "84"]
[EventDate "2008.03.08"]
[EventType "swiss"]
[EventRounds "9"]
[EventCountry "CZE"]
[SourceTitle "EXT 2009"]
[Source "ChessBase"]
[SourceDate "2008.11.26"]
[SourceVersion "1"]
[SourceVersionDate "2008.11.26"]
[SourceQuality "1"]

1. e4 e5 2. Nf3 d6 3. d4 exd4 4. Nxd4 Be7 5. Nc3 Nf6 6. Be3 Bd7 7. Be2 Nc6 8. 0-0 0-0 9. Qd2 Re8 10. Rad1 Ne5 11. f3 Nc6 12. Kh1 Nxd4 13. Bxd4 Bf8 14. Bc4 Be6 15. Bxe6 fxe6 16. Rfe1 e5 17. Be3 Kh8 18. Bg5 Be7 19. b3 h6 20. Be3 Qd7 21. Nd5 Rf8 22. c4 a6 23. Qc1 Nxd5 24. cxd5 Rf7 25. Re2 Raf8 26. Rc2 Bd8 27. Qd2 Kh7 28. Rcc1 Qb5 29. Rc4 Qe8 30. Rc2 Re7 31. Rcc1 g5 32. Qd3 Qh5 33. Rf1 Ref7 34. Kg1 Kg7 35. Qc3 Qg6 36. Qc2 Bf6 37. Rcd1 h5 38. Rb1 g4 39. fxg4 hxg4 40. Rf5 Bd8 41. Rxf7+ Rxf7 42. Rf1 Rxf1+ 1/2-1/2

[Event "CZE-ch Juniors op-B"]
[Site "Sec u Chrudimi"]
[Date "2008.03.14"]
[Round "8"]
[White "Vyhnalek, Petr"]
[Black "Gruss, Petr"]
[Result "0-1"]
[WhiteElo "1565"]
[BlackElo "1632"]
[PlyCount "68"]
[EventDate "2008.03.08"]
[EventType "swiss"]
[EventRounds "9"]
[EventCountry "CZE"]
[SourceTitle "EXT 2009"]
[Source "ChessBase"]
[SourceDate "2008.11.26"]
[SourceVersion "1"]
[SourceVersionDate "2008.11.26"]
[SourceQuality "1"]

1. e4 e5 2. Nf3 Nf6 3. Nxe5 d6 4. Nf3 Nxe4 5. Nc3 Nxc3 6. dxc3 Be7 7. Bf4 0-0 8. Qd2 Bf6 9. 0-0-0 Bg4 10. Bd3 g6 11. h3 Bd7 12. h4 Bg4 13. Rdg1 Nd7 14. Nh2 Be6 15. g4 Bd5 16. f3 Bc6 17. g5 Be5 18. h5 Qe7 19. Bg3 Bxg3 20. Rxg3 Qe6 21. hxg6 fxg6 22. Bc4 Qxc4 23. Rh3 Qf4 24. Ng4 Qxd2+ 25. Kxd2 Bxf3 26. Nh6+ Kh8 27. R1h2 Bh5 28. Rxh5 gxh5 29. Rxh5 Kg7 30. Ng4 Rae8 31. Rh6 Ne5 32. Nf6 Rxf6 33. Rxf6 Rf8 34. Re6 Nf3+ 0-1

[Event "CZE-ch Juniors op-B"]
[Site "Sec u Chrudimi"]
[Date "2008.03.12"]
[Round "6"]
[White "Gruss, Petr"]
[Black "Sedivy, Martin"]
[Result "1-0"]
[WhiteElo "1632"]
[BlackElo "1412"]
[PlyCount "81"]
[EventDate "2008.03.08"]
[EventType "swiss"]
[EventRounds "9"]
[EventCountry "CZE"]
[SourceTitle "EXT 2009"]
[Source "ChessBase"]
[SourceDate "2008.11.26"]
[SourceVersion "1"]
[SourceVersionDate "2008.11.26"]
[SourceQuality "1"]

1. d4 d6 2. Nf3 g6 3. c4 Bg7 4. Nc3 Nd7 5. e3 Ngf6 6. b3 0-0 7. Bb2 c5 8. dxc5 Nxc5 9. Be2 Bf5 10. 0-0 Qc7 11. Nd4 Be4 12. Nxe4 Ncxe4 13. Bf3 Ng5 14. Be2 a6 15. Nf3 Nxf3+ 16. Bxf3 Rac8 17. Qd2 Qd7 18. Rfd1 Rc7 19. Rac1 Rfc8 20. Qb4 Nh5 21. Bxg7 Nxg7 22. g3 Qe8 23. Qb6 Rd7 24. e4 Qd8 25. Qb4 h5 26. Qd2 Qb6 27. h3 Re8 28. Kg2 Ne6 29. e5 Qc7 30. exd6 Rxd6 31. Qb4 Rb6 32. Qa4 Rd8 33. Rxd8+ Nxd8 34. Rd1 Nc6 35. a3 Ne5 36. Be4 f5 37. Qe8+ Kg7 38. Bd5 Rxb3 39. Qg8+ Kf6 40. Qh8+ Kg5 41. f4# 1-0

[Event "CZE-ch Juniors op-B"]
[Site "Sec u Chrudimi"]
[Date "2008.03.09"]
[Round "2"]
[White "Slampa, Jan"]
[Black "Gruss, Petr"]
[Result "1-0"]
[WhiteElo "1488"]
[BlackElo "1632"]
[PlyCount "91"]
[EventDate "2008.03.08"]
[EventType "swiss"]
[EventRounds "9"]
[EventCountry "CZE"]
[SourceTitle "EXT 2009"]
[Source "ChessBase"]
[SourceDate "2008.11.26"]
[SourceVersion "1"]
[SourceVersionDate "2008.11.26"]
[SourceQuality "1"]

1. e4 e5 2. Nf3 d6 3. d4 exd4 4. Nxd4 g6 5. Nc3 Bg7 6. Be3 Nf6 7. Qd2 0-0 8. Bc4 b6 9. 0-0-0 Bb7 10. f3 Nc6 11. Bh6 Re8 12. Nxc6 Bxc6 13. g4 Nd7 14. Bb3 Ne5 15. Bxg7 Kxg7 16. Qg2 Nd7 17. h4 Nc5 18. Bd5 Bxd5 19. Nxd5 Re5 20. Rdg1 c6 21. Nc3 Ne6 22. Qd2 Nc5 23. h5 g5 24. Rd1 Re6 25. Ne2 Qf6 26. Nd4 Ree8 27. Nf5+ Kf8 28. Qxd6+ Qxd6 29. Rxd6 Ne6 30. Rxc6 Red8 31. Rd1 Rxd1+ 32. Kxd1 Rd8+ 33. Rd6 Rxd6+ 34. Nxd6 Nd4 35. Nc8 Nxf3 36. Nxa7 Ne5 37. Nc8 Nxg4 38. Nxb6 Nf2+ 39. Ke1 Nxe4 40. a4 Ke7 41. a5 Nc5 42. b4 Na6 43. b5 Nb4 44. a6 Nxc2+ 45. Kd2 Nd4 46. a7 1-0

[Event "CZE-ch Juniors op-B"]
[Site "Sec u Chrudimi"]
[Date "2007.03.13"]
[Round "5"]
[White "Kovar, Jan1111"]
[Black "Gruss, Petr"]
[Result "1-0"]
[WhiteElo "1618"]
[BlackElo "1617"]
[PlyCount "63"]
[EventDate "2007.03.10"]
[EventType "swiss"]
[EventRounds "9"]
[EventCountry "CZE"]
[SourceTitle "EXT 2008"]
[Source "ChessBase"]
[SourceDate "2007.11.25"]
[SourceVersion "1"]
[SourceVersionDate "2007.11.25"]
[SourceQuality "1"]

1. Nf3 d5 2. g3 Nf6 3. Bg2 g6 4. d3 Bg7 5. 0-0 0-0 6. Nbd2 b6 7. c4 Bb7 8. Qc2 c5 9. Rb1 Nbd7 10. b3 Qc7 11. Bb2 a5 12. a3 dxc4 13. bxc4 Ne8 14. Bxg7 Nxg7 15. Rb2 Rab8 16. Rfb1 Ne6 17. Qc3 Rfd8 18. h4 Bc6 19. Nf1 Qd6 20. N1h2 Ng7 21. Ng4 h5 22. Nh6+ Kf8 23. Ng5 Qe5 24. Qxe5 Nxe5 25. Bxc6 Nxc6 26. Nhxf7 Rdc8 27. Rxb6 Rxb6 28. Rxb6 Nd4 29. Kf1 Ne8 30. Ne5 Nf6 31. Nxg6+ Kg7 32. Ne5 1-0